Order of the Phoenix Members Quiz Stats

 Plays Quiz not verified by Sporcle

Challenge
Share
Tweet
Embed
Score 0/56 Timer 15:00
0 Plays Today
Membership/Order Member % Correct
First and SecondSirius Black
97.5%
SecondMolly Weasley
94.8%
SecondArthur Weasley
94.4%
SecondBill Weasley
94%
SecondFred Weasley
93.8%
SecondGeorge Weasley
93.6%
First and SecondAlbus Dumbledore
93.3%
SecondCharlie Weasley
93.3%
SecondRon Weasley
92.9%
First and SecondRemus Lupin
92.5%
FirstLily Potter
92.5%
FirstJames Potter
92.3%
*AllyGinny Weasley
92.3%
First and SecondAberforth Dumbledore
91.3%
SecondHarry Potter
91.3%
FirstAlice Longbottom
91.1%
FirstFrank Longbottom
90.9%
SecondNymphadora Tonks
90.9%
*AllyPercy Weasley
90.2%
*AllyNeville Longbottom
88.2%
*AllyTed Tonks
87.9%
*AllyAndromeda Tonks
87.1%
First and SecondSeverus Snape
85.5%
*AllyAugusta Longbottom
84.8%
First and SecondAlastor Moody
81.3%
SecondKingsley Shacklebolt
78.4%
First and SecondMinerva McGonagall
77.8%
First and SecondRubeus Hagrid
77.5%
Membership/Order Member % Correct
SecondHermione Granger
76.5%
FirstPeter Pettigrew
74.4%
First and SecondMundungus Fletcher
69.6%
FirstEdgar Bones
67.8%
First and SecondDedalus Diggle
67.8%
*AllyLuna Lovegood
65.9%
First and SecondSturgis Podmore
62.4%
FirstGideon Prewett
62.4%
FirstFabian Prewett
62.2%
*AllyFilius Flitwick
62%
First and SecondElphias Doge
61.8%
First and SecondEmmeline Vance
59.5%
SecondFleur Delacour
59.3%
First and SecondArabella Figg
59%
SecondHestia Jones
58.8%
*AllyPomona Sprout
58.6%
*AllyDobby
56.8%
*AllyHorace Slughorn
54.3%
FirstMarlene McKinnon
51.8%
*AllyKreacher
51.6%
FirstCaradoc Dearborn
47.4%
FirstBenjy Fenwick
47.4%
FirstDorcas Meadowes
44.3%
*AllyLee Jordan
41.4%
*AllyOlympe Maxime
39.3%
*AllyDumbledore's Army
39.1%
*AllyMinistry of Magic
38.3%
*AllyMuriel
32.9%

You're not logged in!

Compare scores with friends on all Sporcle quizzes.
OR
Log In

You Might Also Like...

Show Comments

Extras

Created Apr 11, 2010SourceReportNominate
Tags:fate, order, Phoenix

Top Quizzes Today


Score Distribution

Your Account Isn't Verified!

In order to create a playlist on Sporcle, you need to verify the email address you used during registration. Go to your Sporcle Settings to finish the process.

Report this User

Report this user for behavior that violates our Community Guidelines.

Details: